Online
Catalog

Desarrollo de la comunidad : redescubrimiento de la iniciativa local / (Record no. 22860)

MARC details
000 -CABECERA
campo de control de longitud fija 00811nam a2200217 a 4500
001 - NÚMERO DE CONTROL
campo de control 000023363
005 - FECHA Y HORA DE LA ÚLTIMA TRANSACCIÓN
campo de control 20200930022151.0
008 - DATOS DE LONGITUD FIJA--INFORMACIÓN GENERAL
campo de control de longitud fija 101203s1971 mx r 000 | spa d
040 ## - FUENTE DE LA CATALOGACIÓN
Centro catalogador/agencia de origen DO-SdBNP
Lengua de catalogación spa
Centro/agencia transcriptor BNPHU
082 ## - NÚMERO DE LA CLASIFICACIÓN DECIMAL DEWEY
Número de clasificación xxx
Número de documento/Ítem B584d
049 ## - FONDOS LOCALES (OCLC)
Fondos de biblioteca BNGR
100 1# - ENTRADA PRINCIPAL--NOMBRE DE PERSONA
Nombre de persona Biddle, William W.
9 (RLIN) 48130
245 10 - MENCIÓN DE TÍTULO
Título Desarrollo de la comunidad : redescubrimiento de la iniciativa local /
Mención de responsabilidad, etc. William W. Biddle ; con la colaboración de Loureide J. Biddle; Traducción de Rafael Castillo Dibildox.
260 ## - PUBLICACIÓN, DISTRIBUCIÓN, ETC.
Lugar de publicación, distribución, etc. México :
Nombre del editor, distribuidor, etc. Limusa - Wiley,
Fecha de publicación, distribución, etc. 1971.
300 ## - DESCRIPCIÓN FÍSICA
Extensión 316 p. ;
Dimensiones 21 cm.
534 ## - NOTA SOBRE LA VERSIÓN ORIGINAL
Encabezamiento principal del original Título original :
-- The community development process.
500 ## - NOTA GENERAL
Nota general Incluye notas al pie de páginas
500 ## - NOTA GENERAL
Nota general Incluye índice
700 1# - PUNTO DE ACCESO ADICIONAL--NOMBRE DE PERSONA
Nombre de persona Biddle, Loureide J.
9 (RLIN) 48131
700 1# - PUNTO DE ACCESO ADICIONAL--NOMBRE DE PERSONA
Nombre de persona Castillo Dibildox, Rafael
Término indicativo de función/relación tr.
9 (RLIN) 48132
Holdings
Estado de retiro Estado de pérdida Restricciones de uso No para préstamo Código de colección Localización permanente Ubicación/localización actual Ubicación en estantería Fecha de adquisición Número de inventario Total de préstamos Signatura topográfica completa Código de barras Fecha visto por última vez Precio válido a partir de Tipo de ítem Koha
      Excluido de préstamo Monografías: Libros y Folletos General General En catalogación 03.12.2010 LF1   xxx B584d 23363-10 25.06.2020 25.06.2020 No se presta

Powered by Koha